| 000 | 00667cam a2200193 a 4500 | ||
|---|---|---|---|
| 999 |
_c58392 _d58392 |
||
| 001 | 663033 | ||
| 005 | 20220114122851.0 | ||
| 008 | 931004s1993 enk b 001 0 eng d | ||
| 020 | _a9780140125313 | ||
| 041 | _aeng | ||
| 080 | _a821.111.1 C-84 | ||
| 100 | 1 |
_aCoote, Stephen. _913382 |
|
| 245 | 1 | 4 |
_aThe Penguin short history of English literature / _cStephen Coote. |
| 264 |
_aLondon : _bPenguin Books, _c1993. |
||
| 300 |
_a777 p. ; _c24 cm. |
||
| 653 | _aინგლისური ლიტერატურის მოკლე ისტორია | ||
| 653 | _aкраткая история английской литературы | ||
| 942 |
_2udc _cBK |
||